| 000 | 01365cam a2200313 a 4500 | ||
|---|---|---|---|
| 999 |
_c24660 _d24660 |
||
| 001 | 4453460 | ||
| 003 | NUST | ||
| 005 | 20171206124424.0 | ||
| 008 | 950920s1996 caua b 001 0 eng | ||
| 010 | _a 95042073 | ||
| 020 | _a05342603491 | ||
| 024 | _cAvailable | ||
| 040 |
_aDLC _cRCMS _dDLC |
||
| 050 | 0 | 0 |
_aHD30.23 _b.C577 1996 |
| 082 | 0 | 0 |
_a658.4/03 CLE _220 |
| 100 | 1 |
_aClemen, Robert T. _q(Robert Taylor, _d1952- _97019 |
|
| 245 | 1 | 0 |
_aMaking hard decisions : _ban introduction to decision analysis / _cRobert T. Clemen. |
| 250 | _a2nd ed. | ||
| 260 |
_aBelmont, Calif. : _bDuxbury Press, _cc1996. |
||
| 300 |
_axxiv, 664 p. : _bill. ; _c24 cm. |
||
| 504 | _aIncludes bibliographical references and indexes. | ||
| 538 | _iNew Arrivals Shelf #1 Row 1 | ||
| 650 | 0 |
_aDecision making. _91911 |
|
| 856 | 4 | 2 |
_3Contributor biographical information _uhttp://www.loc.gov/catdir/enhancements/fy1103/95042073-b.html |
| 856 | 4 | 2 |
_3Publisher description _uhttp://www.loc.gov/catdir/enhancements/fy1103/95042073-d.html |
| 856 | 4 | 1 |
_3Table of contents only _uhttp://www.loc.gov/catdir/enhancements/fy1103/95042073-t.html |
| 906 |
_a7 _bcbc _corignew _d1 _eocip _f19 _gy-gencatlg |
||
| 942 |
_2ddc _cBK |
||